<?xml version="1.0" encoding="UTF-8"?>
<record
    xmlns:xsi="http://www.w3.org/2001/XMLSchema-instance"
    xsi:schemaLocation="http://www.loc.gov/MARC21/slim http://www.loc.gov/standards/marcxml/schema/MARC21slim.xsd"
    xmlns="http://www.loc.gov/MARC21/slim">

  <leader>00662cam a22002171  4500</leader>
  <controlfield tag="001">ne 62001555 </controlfield>
  <controlfield tag="003">DLC</controlfield>
  <controlfield tag="005">20260227111738.0</controlfield>
  <controlfield tag="008">900620q19601962ua            000 0 ararc</controlfield>
  <datafield tag="010" ind1=" " ind2=" ">
    <subfield code="a">ne 62001555 </subfield>
  </datafield>
  <datafield tag="025" ind1=" " ind2=" ">
    <subfield code="a">PL480:UAR-4138</subfield>
  </datafield>
  <datafield tag="035" ind1=" " ind2=" ">
    <subfield code="a">(OCoLC)21890976</subfield>
  </datafield>
  <datafield tag="040" ind1=" " ind2=" ">
    <subfield code="a">Princeton Univ. Libr.</subfield>
    <subfield code="c">WaU</subfield>
    <subfield code="d">DLC</subfield>
  </datafield>
  <datafield tag="042" ind1=" " ind2=" ">
    <subfield code="a">premarc</subfield>
  </datafield>
  <datafield tag="050" ind1="0" ind2="0">
    <subfield code="a">PJ7824.A33</subfield>
    <subfield code="b">M8</subfield>
  </datafield>
  <datafield tag="100" ind1="1" ind2=" ">
    <subfield code="a">Fahm&#x12B;, &#x2BB;Abd al-Ra&#x1E25;m&#x101;n.</subfield>
  </datafield>
  <datafield tag="245" ind1="1" ind2="3">
    <subfield code="a">al-Mulk lak</subfield>
    <subfield code="c">[ta&#x2BC;l&#x12B;f] &#x2BB;Abd al-Ra&#x1E25;m&#x101;n Fahm&#x12B;.</subfield>
  </datafield>
  <datafield tag="260" ind1=" " ind2=" ">
    <subfield code="a">[al-Q&#x101;hirah,</subfield>
    <subfield code="b">al-D&#x101;r al-Qawm&#x12B;yah lil-&#x1E6C;ib&#x101;&#x2BB;ah wa-al-Nashr</subfield>
    <subfield code="c">196-]</subfield>
  </datafield>
  <datafield tag="300" ind1=" " ind2=" ">
    <subfield code="a">157 p.</subfield>
    <subfield code="c">24 cm.</subfield>
  </datafield>
  <datafield tag="490" ind1="0" ind2=" ">
    <subfield code="a">Kit&#x101;b al-m&#x101;s&#x12B;, qi&#x1E63;a&#x1E63; &#x2BB;Arab&#x12B;yah,</subfield>
    <subfield code="v">3</subfield>
  </datafield>
  <datafield tag="999" ind1=" " ind2=" ">
    <subfield code="c">45312</subfield>
    <subfield code="d">45312</subfield>
  </datafield>
</record>
